[Event "Titled Tue 24th Jun Late"]
[Site "chess.com INT"]
[Date "2025.06.24"]
[Round "2"]
[White "Sagalchik, Gennadij"]
[Black "Kovalenko, Igor"]
[Result "0-1"]
[WhiteTitle "GM"]
[BlackTitle "GM"]
[WhiteElo "2434"]
[BlackElo "2676"]
[WhiteFideId "2007916"]
[BlackFideId "14117908"]
[EventDate "2025.06.24"]

1. d4 e6 2. c4 b6 3. Nc3 Bb7 4. a3 f5 5. Nf3 Nf6 6. e3 Be7 7. Bd3 O-O 8. Qc2 Qe8
9. e4 Qh5 10. e5 Ng4 11. h3 Nh6 12. Bd2 Bxf3 13. gxf3 Nc6 14. Ne2 Qxf3 15. O-O-O
Nf7 16. Rhg1 Bh4 17. Bc3 Kh8 18. Ng3 Qf4+ 19. Kb1 Nxd4 20. Nh5 Nxc2 21. Nxf4
Bxf2 22. Kxc2 Bxg1 23. Rxg1 g6 24. Bb4 Nxe5 25. Bxf8 Rxf8 26. Be2 Kg7 27. b3 Kf6
28. Kc3 h6 29. b4 g5 30. Nh5+ Ke7 31. a4 d6 32. a5 bxa5 33. b5 f4 34. Ra1 f3 35.
Bf1 Rb8 36. Rxa5 Rb7 37. Kd4 c6 38. Ng3 cxb5 39. cxb5 Rc7 40. Ne4 Nd7 41. Ke3 d5
42. Nd2 Ne5 43. Nxf3 Rc3+ 44. Kd4 Rxf3 45. Kxe5 Rf5+ 46. Kd4 Rxf1 47. Rxa7+ Kf6
48. b6 Rb1 49. Kc5 h5 50. Ra4 Ke7 51. Ra7+ Kf6 52. Ra4 Rc1+ 53. Kd6 Kf5 54. Rb4
Rc8 55. Kd7 Rg8 56. b7 g4 57. hxg4+ hxg4 58. Rb1 e5 59. Rf1+ Ke4 60. Re1+ Kf4
61. Rf1+ Ke3 62. Re1+ Kf4 63. Rf1+ Kg3 0-1

[Event "Titled Tue 24th Jun Late"]
[Site "chess.com INT"]
[Date "2025.06.24"]
[Round "2"]
[White "Oluka Robert Mcligeyo"]
[Black "Becking, Stephan"]
[Result "0-1"]
[WhiteTitle "CM"]
[BlackTitle "IM"]
[WhiteElo "2061"]
[BlackElo "2410"]
[WhiteFideId "10814647"]
[BlackFideId "4632478"]
[EventDate "2025.06.24"]

1. d4 Nf6 2. c4 e6 3. Nf3 Bb4+ 4. Nbd2 O-O 5. g3 Re8 6. Bg2 d5 7. O-O b6 8. a3
Bf8 9. Qc2 Bb7 10. Ne5 Nfd7 11. cxd5 Nxe5 12. dxe5 Bxd5 13. Nf3 Be7 14. Rd1 Qc8
15. Bg5 h6 16. Bxe7 Rxe7 17. Rac1 c5 18. b4 Rc7 19. bxc5 Rxc5 20. Qd2 Nd7 21. e4
Bxe4 22. Qe3 Bxf3 23. Bxf3 Rb8 24. Rxc5 Nxc5 25. h4 Qc7 26. Rd6 Rd8 27. Qd4 Rd7
28. Be2 Rxd6 29. exd6 Qd7 30. Bc4 Nb7 31. Bd3 Nxd6 32. h5 Qe7 33. Qb4 Nf5 34.
Qa4 Nd6 35. Qb4 Nc8 36. Qf4 Qd7 37. Qe4 Kf8 38. Qh7 Ke7 39. Be4 Nd6 40. Bf3 Ne8
41. Kg2 Qd4 42. Qg8 Qd6 43. Qh7 b5 44. Qc2 a5 45. Qb3 b4 46. axb4 axb4 47. Qa4
Nc7 48. Qa7 Kd8 49. Qb8+ Ke7 50. Qb7 Kf6 51. Qb8 Ke7 52. Qb7 f6 53. Qb8 Ne8 54.
Qa7+ Qc7 55. Qa5 Qxa5 0-1

[Event "Titled Tue 24th Jun Late"]
[Site "chess.com INT"]
[Date "2025.06.24"]
[Round "2"]
[White "Sanal, Vahap"]
[Black "Morris-Suzuki, Alan H"]
[Result "1-0"]
[WhiteTitle "GM"]
[WhiteElo "2564"]
[BlackElo "1987"]
[WhiteFideId "6300545"]
[BlackFideId "30933218"]
[EventDate "2025.06.24"]

1. e4 g6 2. d4 Bg7 3. Nf3 d6 4. Bd3 Nf6 5. c3 O-O 6. O-O Nc6 7. Be3 e5 8. Nbd2
Re8 9. Re1 d5 10. Bg5 h6 11. Bxf6 Bxf6 12. exd5 Qxd5 13. Be4 Qd7 14. Bxc6 Qxc6
15. dxe5 Bg7 16. Nd4 Qd5 17. f4 c5 18. Nb5 Re7 19. Ne4 Qc6 20. Nbd6 Be6 21. h4
h5 22. Qc2 Rd8 23. c4 Kh8 24. b3 Bh6 25. Rad1 Red7 26. Nf6 Bxf4 27. Nxd7 Rxd7
28. Qf2 Bxe5 29. Rxe5 Rxd6 30. Rxd6 Qxd6 31. Qxc5 Qd1+ 32. Kh2 Kg7 33. Qxa7 Qg4
34. Qf2 Bf5 35. Re3 Qd4 36. Qg3 Kh7 37. Rf3 Be6 38. Qf4 Qb2 39. Re3 Qxa2 40.
Rxe6 fxe6 41. Qc7+ Kh6 42. Qxb7 Qf2 43. Qe4 Kg7 44. b4 Qb2 45. b5 Kf6 46. Qf4+
Ke7 47. Qg5+ Kf7 48. Qf4+ Ke7 49. Qc7+ Kf6 50. b6 Qd4 51. Qg3 Qxb6 52. Qf4+ Kg7
53. Qe5+ Kf7 54. c5 Qc6 55. Kg3 Qb5 56. Kf4 Qd3 57. Kg5 Qd2+ 58. Qf4+ Qxf4+ 59.
Kxf4 Ke7 60. Ke5 Kd7 61. g3 Ke7 62. c6 1-0

[Event "Titled Tue 24th Jun Late"]
[Site "chess.com INT"]
[Date "2025.06.24"]
[Round "2"]
[White "Mika, Tomasz"]
[Black "Skramstad, Oda Kofoed"]
[Result "0-1"]
[WhiteTitle "CM"]
[BlackTitle "WCM"]
[WhiteElo "2227"]
[BlackElo "1898"]
[WhiteFideId "1132970"]
[BlackFideId "1564862"]
[EventDate "2025.06.24"]

1. e4 c6 2. d4 d5 3. exd5 cxd5 4. c4 Nc6 5. cxd5 Qxd5 6. Nf3 Bg4 7. Be2 Rd8 8.
Nc3 Qa5 9. d5 Nb8 10. Qb3 Qc7 11. O-O Nf6 12. Re1 g6 13. Bb5+ Bd7 14. Ne5 Qd6
15. Bf4 Bg7 16. Nxd7 Qxf4 17. Nxf6+ Kf8 18. Nfe4 a6 19. Bf1 Be5 20. g3 Qf5 21.
Qxb7 Nd7 22. Qxa6 Bd4 23. Qd3 Bb6 24. d6 e6 25. a4 Ne5 26. Qb5 Nf3+ 27. Kh1 Qh5
28. Qxh5 gxh5 29. Re2 h4 30. Bg2 Nd4 31. Ree1 Nc2 32. Rec1 Nxa1 33. Rxa1 f5 34.
Ng5 Rxd6 35. a5 Ba7 36. Nb5 Ra6 37. Nxe6+ Rxe6 38. Nxa7 Kg7 39. Nc6 Rhe8 40. Bf3
h3 41. Ne5 Rxe5 42. Rg1 Rxa5 43. g4 Rae5 44. gxf5+ Kf6 45. Bg4 Re1 46. Bxh3
Rxg1+ 47. Kxg1 Rb8 48. Kg2 Rxb2 49. Bg4 Kg5 50. Bh3 Kf4 51. f6 Rb8 52. Be6 Ke5
53. Bc4 Kxf6 54. Bd3 Kg5 55. Bxh7 Rh8 0-1

[Event "Titled Tue 24th Jun Late"]
[Site "chess.com INT"]
[Date "2025.06.24"]
[Round "2"]
[White "Tang, Zoey"]
[Black "Avramidou, Anastasia"]
[Result "1-0"]
[WhiteTitle "FM"]
[BlackTitle "FM"]
[WhiteElo "2356"]
[BlackElo "2294"]
[WhiteFideId "30952530"]
[BlackFideId "4239873"]
[EventDate "2025.06.24"]

1. e4 c5 2. Nf3 Nc6 3. Bb5 g6 4. Bxc6 dxc6 5. O-O Bg7 6. d3 e5 7. h3 Ne7 8. a4
O-O 9. a5 Be6 10. Be3 b6 11. Nbd2 h6 12. Nc4 Qc7 13. Qd2 Kh7 14. b4 b5 15. Nb2
cxb4 16. Qxb4 f5 17. Bc5 fxe4 18. dxe4 Rxf3 19. gxf3 Ng8 20. Kh2 Qf7 21. Rg1
Qxf3 22. Rg3 Qf7 23. Rag1 g5 24. Nd3 Bc4 25. Bd6 Re8 26. R1g2 Bxd3 27. cxd3 Nf6
28. Rf3 Qe6 29. Rf5 Nh5 30. Qc5 Nf4 31. Rg3 Ne2 32. Re3 Nd4 33. Bc7 Nxf5 34.
exf5 Qxf5 35. Rg3 Re6 36. Qxa7 Re7 37. Qb6 e4 38. dxe4 Qf7 39. Bd6 Rd7 40. Bc5
Qe6 41. a6 Be5 42. a7 Bxg3+ 43. fxg3 Qa2+ 44. Bf2 Rf7 45. Kg2 b4 46. e5 b3 47.
e6 Rxa7 48. Qxa7+ Qxa7 49. Bxa7 b2 50. e7 b1=Q 51. e8=Q Qa2+ 52. Bf2 Qd5+ 53.
Kh2 Qd2 54. Qf7+ Kh8 55. Kg1 Qd1+ 56. Kg2 Qd2 57. Qf6+ Kh7 58. Qxc6 Kg7 59. Qc7+
Kg6 60. Qb6+ Kg7 61. Qd4+ Qxd4 62. Bxd4+ Kg6 63. Kf3 Kf5 64. g4+ Kg6 65. Ke4 h5
66. Bf2 hxg4 67. hxg4 Kf6 68. Kd5 1-0

[Event "Titled Tue 24th Jun Late"]
[Site "chess.com INT"]
[Date "2025.06.24"]
[Round "2"]
[White "Tymrakiewicz, Rafal"]
[Black "Fomevor, Cephas Clinton"]
[Result "1-0"]
[WhiteTitle "FM"]
[BlackTitle "CM"]
[WhiteElo "2206"]
[BlackElo "1883"]
[WhiteFideId "1108832"]
[BlackFideId "12601330"]
[EventDate "2025.06.24"]

1. d4 d5 2. Bg5 h6 3. Bh4 c6 4. e3 Qb6 5. Qc1 Bf5 6. c4 e6 7. Nc3 Be7 8. Bg3 Nf6
9. h3 Nbd7 10. c5 Qd8 11. Nf3 O-O 12. Be2 Ne4 13. Nxe4 Bxe4 14. O-O Bf6 15. b4
a6 16. Qc3 Re8 17. Ne5 Nxe5 18. Bxe5 Bxe5 19. dxe5 Rf8 20. a4 f6 21. exf6 Qxf6
22. Qxf6 Rxf6 23. b5 axb5 24. axb5 Rxa1 25. Rxa1 cxb5 26. Bxb5 e5 27. f3 Bc2 28.
Ra8+ Kh7 29. Ra7 d4 30. exd4 exd4 31. Rxb7 d3 32. Rd7 Rf5 33. Bxd3 Bxd3 34. Rxd3
Rxc5 35. Kf2 h5 36. h4 Kh6 37. Rd6+ g6 38. Kg3 Ra5 39. Re6 Kg7 40. Kf4 Kf7 41.
Re4 Ra2 42. Kg5 Rxg2+ 43. Kf4 Rh2 44. Kg3 Rh1 45. Ra4 Rg1+ 46. Kh3 Rh1+ 47. Kg3
Rg1+ 48. Kh2 Rf1 49. Kg2 Rc1 50. Ra2 Rc4 51. Kg3 Kf6 52. Ra6+ Kf5 53. Ra5+ Kf6
54. Rb5 Rc1 55. Kf4 Rc4+ 56. Kg3 Rc1 57. Ra5 Rg1+ 58. Kf4 Rh1 59. Ra6+ Kg7 60.
Rb6 Rxh4+ 61. Kg5 Rh1 62. Rxg6+ Kf7 63. Rf6+ Kg7 64. Rf4 Rg1+ 65. Kxh5 Kg8 66.
Rg4+ Rxg4 67. Kxg4 Kg7 68. Kg5 Kf7 69. Kf5 Ke7 70. Kg6 Kf8 71. f4 Kg8 72. f5 Kf8
73. Kf6 Ke8 74. Kg7 1-0

[Event "Titled Tue 24th Jun Late"]
[Site "chess.com INT"]
[Date "2025.06.24"]
[Round "2"]
[White "Papasimakopoulos, Alexandros"]
[Black "Ezat, Mohamed"]
[Result "1-0"]
[WhiteTitle "IM"]
[BlackTitle "IM"]
[WhiteElo "2366"]
[BlackElo "2299"]
[WhiteFideId "4244125"]
[BlackFideId "10600906"]
[EventDate "2025.06.24"]

1. d4 Nf6 2. c4 g6 3. Nc3 Bg7 4. Nf3 O-O 5. Bg5 d5 6. e3 c5 7. Rc1 Ne4 8. Bf4
Nxc3 9. bxc3 Nc6 10. Be2 Bg4 11. cxd5 Qxd5 12. c4 Qd7 13. d5 Na5 14. O-O b6 15.
h3 Bxf3 16. Bxf3 Nb7 17. e4 Nd6 18. e5 Nf5 19. Bg4 e6 20. Bxf5 exf5 21. Re1 Rfe8
22. a4 Re7 23. Rc3 Rae8 24. Rce3 a6 25. Qb3 h6 26. h4 g5 27. hxg5 hxg5 28. Bxg5
Rxe5 29. Qxb6 Rxe3 30. Rxe3 Rxe3 31. Bxe3 Qxa4 32. Qd8+ Bf8 33. Qg5+ Bg7 34.
Qxf5 Qxc4 35. d6 Qb3 36. Qxc5 Qd1+ 37. Kh2 Bf6 38. Bf4 a5 39. Qxa5 Kg7 40. Qf5
Qd4 41. f3 Kf8 42. Bg3 Kg7 43. Qe4 Qd2 44. Qg4+ Kf8 45. Qf4 Qc3 46. Qh6+ Ke8 47.
Qf4 Kf8 48. d7 Bd8 49. Qd6+ Kg8 50. Qf4 Qh8+ 51. Kg1 Bb6+ 52. Bf2 Qa1+ 53. Kh2
Bxf2 54. Qg5+ Kh7 55. Qh5+ 1-0

[Event "Titled Tue 24th Jun Late"]
[Site "chess.com INT"]
[Date "2025.06.24"]
[Round "2"]
[White "Povshednyi, Ivan"]
[Black "Makaraci, Tunahan"]
[Result "1/2-1/2"]
[WhiteTitle "FM"]
[BlackTitle "FM"]
[WhiteElo "2309"]
[BlackElo "2233"]
[WhiteFideId "14190907"]
[BlackFideId "6356559"]
[EventDate "2025.06.24"]

1. Nf3 Nf6 2. g3 b6 3. Bg2 Bb7 4. O-O g6 5. c4 Bg7 6. d4 O-O 7. d5 e6 8. Nc3 Na6
9. Nd4 e5 10. Nc2 d6 11. e4 Nc5 12. b4 Ncd7 13. a4 a5 14. bxa5 Rxa5 15. Ba3 Ne8
16. Bb4 Ra8 17. a5 bxa5 18. Rxa5 Rxa5 19. Bxa5 f5 20. exf5 gxf5 21. Nb5 Nb6 22.
Qd3 e4 23. Qb3 Ba6 24. Ne3 Nd7 25. Qa3 Nc5 26. Bb4 Bxb5 27. cxb5 Bd4 28. Bc3
Bxc3 29. Qxc3 Qd7 30. Bh3 Ng7 31. Qc4 Qf7 32. Ng2 Nd3 33. Nh4 Ne5 34. Qd4 Qf6
35. Kh1 Rb8 36. f4 exf3 37. Nxf3 Rxb5 38. Nxe5 Qxe5 39. Qxe5 dxe5 40. Bxf5 Nxf5
41. Rxf5 Rxd5 42. Rf6 Rd2 43. Rc6 e4 44. Kg1 e3 45. Kf1 Rf2+ 46. Ke1 Rxh2 47.
Rxc7 Rg2 48. Re7 Rxg3 49. Ke2 Kf8 50. Rxe3 Rg2+ 51. Kf1 Rg6 52. Kf2 Kg7 53. Rg3
Kf6 54. Kg2 Kf5 55. Kh2 Kf4 56. Ra3 h5 57. Ra4+ Kg5 58. Ra5+ Kh4 59. Ra4+ Rg4
60. Rxg4+ hxg4 61. Kg2 g3 62. Kg1 Kg4 63. Kg2 Kf4 64. Kg1 Kf3 65. Kf1 g2+ 66.
Kg1 Kg3 1/2-1/2

[Event "Titled Tue 24th Jun Late"]
[Site "chess.com INT"]
[Date "2025.06.24"]
[Round "2"]
[White "Skatchkov, Pavel"]
[Black "Murzin, Volodar"]
[Result "0-1"]
[WhiteTitle "GM"]
[BlackTitle "GM"]
[WhiteElo "2457"]
[BlackElo "2666"]
[WhiteFideId "4121848"]
[BlackFideId "44155573"]
[EventDate "2025.06.24"]

1. e4 c5 2. Nf3 e6 3. d4 cxd4 4. Nxd4 Nc6 5. Nc3 a6 6. Be3 Qc7 7. Qf3 Nf6 8.
O-O-O Bb4 9. Nxc6 bxc6 10. Bd4 Be7 11. e5 Nd5 12. Ne4 O-O 13. Nf6+ Bxf6 14. exf6
Qf4+ 15. Qxf4 Nxf4 16. fxg7 Re8 17. g3 Nh5 18. f4 Nxg7 19. Bc5 d5 20. Bd3 a5 21.
c3 Ba6 22. Bc2 f6 23. Rde1 e5 24. fxe5 fxe5 25. h4 e4 26. g4 Ne6 27. Bb6 Reb8
28. Be3 Rf8 29. g5 Rf3 30. Bd1 Rg3 31. Rhg1 Rxg1 32. Rxg1 Bc4 33. b3 Bd3 34. h5
Ng7 35. g6 Nf5 36. Bc5 Re8 37. Bg4 e3 38. Bxf5 Bxf5 39. gxh7+ Kxh7 40. Re1 e2
41. Kd2 Bg4 42. Be3 Bxh5 43. Bb6 a4 44. bxa4 Ra8 45. a5 Kg6 46. Ke3 Kf5 47. Kd4
Ke6 48. Kc5 Kd7 49. c4 dxc4 50. Kxc4 Kc8 51. Kc5 Kb7 52. Kd4 Rf8 53. Kc3 Rf5 54.
Kd2 Rd5+ 55. Ke3 Rd1 56. Kf2 Ka6 57. a4 Bg4 58. Bc7 c5 59. Bb6 c4 60. Bd4 Rxd4 0-1

[Event "Titled Tue 24th Jun Late"]
[Site "chess.com INT"]
[Date "2025.06.24"]
[Round "2"]
[White "Gimeno Martos, Roberto"]
[Black "Sharankov, Grigory"]
[Result "0-1"]
[WhiteTitle "CM"]
[BlackTitle "CM"]
[WhiteElo "2090"]
[BlackElo "2238"]
[WhiteFideId "2226804"]
[BlackFideId "4168356"]
[EventDate "2025.06.24"]

1. e4 e6 2. d3 d5 3. Nd2 Nf6 4. Ngf3 h6 5. g3 a5 6. Bg2 a4 7. a3 Be7 8. O-O O-O
9. Re1 c5 10. Qe2 Nc6 11. e5 Nh7 12. h4 b5 13. Nf1 b4 14. Bf4 bxa3 15. bxa3 c4
16. d4 Rb8 17. c3 Rb3 18. Rec1 Rxa3 19. Rxa3 Bxa3 20. Ra1 Be7 21. Rxa4 Bd7 22.
Ra2 Qb6 23. Rb2 Qa5 24. Qc2 Rb8 25. N1d2 Nf8 26. h5 Qa1+ 27. Rb1 Rxb1+ 28. Nxb1
Na5 29. Kh2 Ba4 30. Qc1 Nb3 31. Qe1 Qb2 32. g4 Nh7 33. Be3 Qc2 34. Ng1 Ng5 35.
Nh3 Ne4 36. f3 Ng5 37. Nxg5 Bxg5 38. f4 Be7 39. g5 Qf5 40. gxh6 gxh6 41. Qg3+
Kf8 42. Bh3 Qxb1 43. f5 Qc2+ 44. Bg2 Qxf5 45. Bxh6+ Ke8 46. Qg8+ Kd7 47. Qg7
Qxh5+ 48. Bh3 Nd2 49. Bxd2 Bc2 50. Qg2 Be4 51. Qf2 Qg6 52. Bf4 Bf5 53. Bxf5 Qxf5
54. Bg3 Qxf2+ 55. Bxf2 Ba3 56. Be1 Bb2 57. Kg3 Kc6 58. Kf4 Kb5 59. Kg5 Ka4 60.
Kf6 Kb3 61. Kxf7 Bxc3 62. Bf2 Bd2 63. Kxe6 c3 64. Kxd5 c2 0-1

[Event "Titled Tue 24th Jun Late"]
[Site "chess.com INT"]
[Date "2025.06.24"]
[Round "2"]
[White "Naroditsky, Daniel"]
[Black "Zieba, Hubert"]
[Result "1-0"]
[WhiteTitle "GM"]
[BlackTitle "CM"]
[WhiteElo "2619"]
[BlackElo "2233"]
[WhiteFideId "2026961"]
[BlackFideId "21844704"]
[EventDate "2025.06.24"]

1. c4 c5 2. Nf3 g6 3. Nc3 Nc6 4. e3 Bg7 5. d4 cxd4 6. exd4 Nf6 7. d5 Nb8 8. Be2
O-O 9. O-O d6 10. h3 a6 11. Be3 Nbd7 12. Re1 Nc5 13. Bd4 e5 14. dxe6 Nxe6 15.
Be3 Re8 16. Qd2 Nc5 17. Rad1 Nfe4 18. Nxe4 Nxe4 19. Qc2 Qc7 20. Bd4 Nc5 21. Bxg7
Kxg7 22. b4 Nd7 23. Bf1 Ne5 24. Qc3 Kg8 25. Ng5 Bf5 26. c5 dxc5 27. bxc5 h6 28.
Ne4 Bxe4 29. Rxe4 Nc6 30. Rxe8+ Rxe8 31. Rd6 Ne5 32. Qd4 Qe7 33. Qd5 Nc6 34.
Rxg6+ Kf8 35. Rxh6 Qe5 36. Qd6+ Qxd6 37. cxd6 Kg7 38. Rh5 Ne5 39. Rf5 f6 40. g4
Nf7 41. Rd5 Rd8 42. d7 Ne5 43. Bg2 b6 44. f4 Ng6 45. Rd4 Kf7 46. Bc6 Ke7 47.
Re4+ Kd6 48. Re8 Kc7 49. Kh2 Nxf4 50. h4 Nd3 51. h5 Ne5 52. Rxd8 Kxd8 53. Be4
Nxg4+ 54. Kg3 Nh6 55. Bc6 Kc7 56. Kf4 Kd8 57. Ke4 Ke7 58. a4 Kd8 59. Kd4 b5 60.
a5 Kc7 61. Kc5 Nf7 62. Bxb5 axb5 63. a6 b4 64. Kxb4 Kb6 65. h6 Kxa6 66. h7 Kb7
67. d8=Q 1-0

[Event "Titled Tue 24th Jun Late"]
[Site "chess.com INT"]
[Date "2025.06.24"]
[Round "2"]
[White "Radionov, Timur"]
[Black "Vazelakis, Dimitrios"]
[Result "1-0"]
[WhiteTitle "FM"]
[WhiteElo "2200"]
[BlackElo "1857"]
[WhiteFideId "34178772"]
[BlackFideId "4203674"]
[EventDate "2025.06.24"]

1. e4 Nf6 2. e5 Nd5 3. c4 Nb6 4. d4 d6 5. exd6 cxd6 6. Nc3 g6 7. Be3 Bg7 8. Rc1
O-O 9. b3 Bf5 10. Be2 e5 11. dxe5 dxe5 12. Nf3 Nc6 13. Qxd8 Rfxd8 14. Bxb6 axb6
15. Nh4 Nd4 16. Nxf5 gxf5 17. f3 e4 18. O-O Nxe2+ 19. Nxe2 Rxa2 20. Ng3 Bd4+ 21.
Kh1 exf3 22. Rxf3 Bc5 23. Nxf5 Rdd2 24. Re1 f6 25. Rg3+ Kf8 26. Nh6 Rxg2 27.
Rxg2 Rxg2 28. Kxg2 Kg7 29. Nf5+ Kg6 30. Ne7+ Kg5 31. Nd5 h5 32. Re6 Bd4 33. Nxb6
Kf4 34. Rc6 bxc6 35. Nd7 Ke3 36. b4 Kd3 37. b5 cxb5 38. cxb5 Kc4 39. b6 Bxb6 40.
Nxb6+ Kc5 41. Nd7+ Kd6 42. Nxf6 Ke5 43. Nxh5 Kf5 44. Ng3+ Kg4 45. h3+ Kh4 46.
Nf5+ Kg5 47. Ne3 Kh5 48. Kg3 Kg5 49. h4+ Kh5 50. Kh3 Kh6 51. Kg4 Kg6 52. h5+ Kh6
53. Nf5+ Kh7 54. Kg5 Kh8 55. h6 Kh7 56. Kh5 Kh8 57. Kg6 Kg8 58. Ne3 Kh8 59. Ng4
Kg8 60. Ne5 Kh8 61. Nf7+ Kg8 62. h7+ 1-0

[Event "Titled Tue 24th Jun Late"]
[Site "chess.com INT"]
[Date "2025.06.24"]
[Round "2"]
[White "Kracht, Raphael"]
[Black "Kawka, Milena"]
[Result "0-1"]
[WhiteTitle "CM"]
[BlackTitle "WCM"]
[WhiteElo "2195"]
[BlackElo "2003"]
[WhiteFideId "16214382"]
[BlackFideId "21095167"]
[EventDate "2025.06.24"]

1. e4 c6 2. d4 d5 3. e5 Bf5 4. Nf3 e6 5. Be2 Nd7 6. Be3 a5 7. O-O a4 8. c4 Ne7
9. Nc3 dxc4 10. Bxc4 Nb6 11. Be2 Ned5 12. Rc1 a3 13. b3 Nxc3 14. Rxc3 Nd5 15.
Rc1 Bb4 16. Bd2 Be7 17. Re1 O-O 18. Rc4 Qd7 19. Qa1 b5 20. Rcc1 Nb4 21. Bxb4
Bxb4 22. Red1 Qd5 23. h3 Rfd8 24. Nh4 Qe4 25. Nxf5 Qxe2 26. Ng3 Qb2 27. Rxc6
Qxa1 28. Rxa1 Rxd4 29. Rac1 g6 30. R1c2 Rad8 31. Rc8 Rxc8 32. Rxc8+ Kg7 33. Rb8
Bc5 34. Rxb5 Rd1+ 35. Kh2 Bxf2 36. h4 Rd3 37. Ne4 Bxh4 38. Rb7 Re3 39. Nd6 Bg3+
40. Kh3 Bxe5+ 41. Kg4 Bxd6 42. Rb6 Be7 43. Rb7 Bf6 44. Kf4 Re2 45. Kf3 Rxa2 46.
b4 Rb2 47. Ra7 a2 48. b5 Rxb5 49. Rxa2 Rb3+ 50. Kf2 Rb2+ 51. Rxb2 Bxb2 52. Kf3
Bf6 53. Kf4 h5 54. Ke4 g5 55. Kf3 Kg6 56. Ke4 g4 57. Kf4 e5+ 58. Kg3 Kg5 59. Kf2
Kf4 60. Ke2 Kg3 61. Kf1 e4 62. Kg1 Bd4+ 63. Kh1 Be5 64. Kg1 e3 65. Kf1 h4 66.
Kg1 e2 0-1

[Event "Titled Tue 24th Jun Late"]
[Site "chess.com INT"]
[Date "2025.06.24"]
[Round "2"]
[White "Fernandez, Maria Florencia"]
[Black "Hovakimyan, Vache"]
[Result "0-1"]
[WhiteTitle "WIM"]
[BlackTitle "FM"]
[WhiteElo "2163"]
[BlackElo "2287"]
[WhiteFideId "116459"]
[BlackFideId "13317288"]
[EventDate "2025.06.24"]

1. d4 d5 2. c4 Nc6 3. Nc3 dxc4 4. Nf3 Nf6 5. e4 Bg4 6. d5 Ne5 7. Be2 Bxf3 8.
gxf3 c6 9. O-O cxd5 10. exd5 Qd7 11. Bf4 Ng6 12. Bg3 h5 13. Qd4 h4 14. Be5 Nxe5
15. Qxe5 Rh5 16. Qd4 e5 17. Qxc4 Rc8 18. Qb3 Rg5+ 19. Kh1 a6 20. Rg1 Rxg1+ 21.
Rxg1 g6 22. a4 Bc5 23. Rf1 Kf8 24. a5 Kg7 25. Qd1 h3 26. Ne4 Be7 27. Nxf6 Bxf6
28. b3 Qf5 29. Qd3 Qf4 30. Qe4 Qd2 31. Rg1 Rh8 32. Bc4 Rh4 33. Qe3 Qb2 34. Qe2
Qc3 35. Qf1 Qd2 36. Qd3 Rd4 37. Qxd2 Rxd2 38. Rf1 Bh4 39. Kg1 Kf6 40. Kh1 Ke7
41. d6+ Rxd6 42. Re1 Kf6 43. Kg1 Rd2 44. Kf1 Rxf2+ 45. Kg1 Rg2+ 46. Kf1 Bxe1 47.
Kxe1 Rxh2 48. Kf1 Rb2 49. Kg1 h2+ 50. Kh1 Kg7 51. Bd5 f6 52. Bxb7 Rxb3 53. Bxa6
Ra3 54. Kxh2 Rxa5 55. Bb7 Rb5 56. Bc6 Rb2+ 57. Kg3 Kh6 58. Bd7 Kg5 59. Be6 f5
60. Bd5 f4+ 61. Kh3 Rf2 62. Be4 Kf6 63. Kg4 Rg2+ 64. Kh3 Rg3+ 65. Kh4 g5+ 66.
Kh5 Rh3+ 67. Kg4 Rh4# 0-1

[Event "Titled Tue 24th Jun Late"]
[Site "chess.com INT"]
[Date "2025.06.24"]
[Round "2"]
[White "Bortnyk, Olexandr"]
[Black "Karas, Marek"]
[Result "1-0"]
[WhiteTitle "GM"]
[BlackTitle "FM"]
[WhiteElo "2601"]
[BlackElo "2215"]
[WhiteFideId "14120828"]
[BlackFideId "14928558"]
[EventDate "2025.06.24"]

1. e4 c5 2. Be2 Nc6 3. d3 d6 4. f4 g6 5. Nf3 Bg7 6. O-O e6 7. c3 Nge7 8. Be3 f5
9. Nbd2 O-O 10. a4 b6 11. Qb3 d5 12. e5 Ba6 13. Bf2 Qd7 14. Rfe1 Rad8 15. Bh4 h6
16. Kh1 Kh7 17. Rg1 Rc8 18. Rae1 d4 19. Nc4 Rc7 20. Nd6 Nc8 21. Nb5 Bxb5 22.
axb5 Na5 23. Qa2 dxc3 24. bxc3 Ne7 25. c4 Re8 26. Ra1 Nc8 27. Be1 Bf8 28. Bxa5
bxa5 29. Qxa5 Nb6 30. g4 Be7 31. Rg2 Rg8 32. Rag1 Rcc8 33. gxf5 gxf5 34. Qa1
Rxg2 35. Rxg2 Rg8 36. Rxg8 Kxg8 37. Qg1+ Kh7 38. h4 Qe8 39. Kh2 Qg6 40. Qxg6+
Kxg6 41. d4 Kf7 42. Kg3 cxd4 43. Nxd4 Bc5 44. Nc6 Nd7 45. Bh5+ Kf8 46. Bf3 Bb6
47. Nb4 Nc5 48. h5 Ke7 49. Ba8 Kf7 50. Kf3 Ke7 51. Ke2 Kf7 52. Bf3 Ke7 53. Nc6+
Kd7 54. Bg2 Nb3 55. Kd3 Nc5+ 56. Kc3 Na4+ 57. Kb4 Nc5 58. Bf1 Ne4 59. Be2 Bc5+
60. Kb3 Bb6 61. Nb8+ Kc7 62. Na6+ Kd7 63. Kb4 Be3 64. c5 Bxf4 65. c6+ Kc8 66.
Bc4 Bxe5 67. Bxe6+ Kd8 68. Bxf5 Nf6 69. Bg6 Bc7 70. Nxc7 Kxc7 71. Kc5 Ng4 72.
Kd5 Nf6+ 73. Ke6 Ng4 74. Be4 Kb6 75. Kd6 Nf6 76. Bg6 1-0

[Event "Titled Tue 24th Jun Late"]
[Site "chess.com INT"]
[Date "2025.06.24"]
[Round "2"]
[White "Roberson, Peter T"]
[Black "Rustemov, Alexander"]
[Result "1/2-1/2"]
[WhiteTitle "IM"]
[BlackTitle "GM"]
[WhiteElo "2433"]
[BlackElo "2525"]
[WhiteFideId "412384"]
[BlackFideId "4119002"]
[EventDate "2025.06.24"]

1. g3 d5 2. Nf3 Nf6 3. Bg2 Bf5 4. O-O c6 5. d3 h6 6. Nbd2 e6 7. Qe1 Bh7 8. e4
Be7 9. b3 a5 10. a3 O-O 11. Bb2 Qc7 12. Ne5 Nbd7 13. f4 Nxe5 14. Bxe5 Qb6+ 15.
Kh1 Nd7 16. Bb2 Bf6 17. Bxf6 Nxf6 18. f5 Rae8 19. Qf2 Qxf2 20. Rxf2 dxe4 21.
dxe4 Ng4 22. Rf4 Ne3 23. Nc4 exf5 24. Nxe3 fxe4 25. g4 Re5 26. Rd1 Rfe8 27. Kg1
f6 28. Kf2 R8e7 29. Ke2 Kf7 30. Rff1 h5 31. h3 g6 32. Rd6 R5e6 33. Rxe6 Kxe6 34.
gxh5 f5 35. hxg6 Bxg6 36. h4 Ke5 37. Bh3 Rf7 38. Nc4+ Kd4 39. Nd6 Rh7 40. Bxf5
Bxf5 41. Nxf5+ Kc3 42. Ke3 Kxc2 43. Kxe4 Kxb3 44. Rf3+ Ka2 45. Kf4 b5 46. Kg5 b4
47. axb4 axb4 48. Kg6 Rh8 49. Nd4 c5 50. Ne6 c4 51. h5 b3 52. h6 b2 53. Rf1 c3
54. Nd4 b1=Q+ 55. Rxb1 Kxb1 56. h7 Rd8 57. Ne2 c2 58. Kg7 Rd7+ 59. Kg8 Rd8+ 60.
Kg7 Kb2 61. h8=Q Rxh8 62. Kxh8 Kb3 63. Kg7 Kc4 64. Kf6 Kd3 65. Nc1+ Kc3 66. Ke5
Kd2 67. Na2 Kd3 68. Kf4 Kc4 69. Ke3 Kb3 70. Nc1+ Kb2 71. Kd2 Kb1 72. Nd3 c1=Q+
73. Nxc1 1/2-1/2

[Event "Titled Tue 24th Jun Late"]
[Site "chess.com INT"]
[Date "2025.06.24"]
[Round "2"]
[White "Przybylski, Wojciech"]
[Black "Chiu, Isaac"]
[Result "0-1"]
[WhiteTitle "FM"]
[WhiteElo "2340"]
[BlackElo "2226"]
[WhiteFideId "1117599"]
[BlackFideId "30900654"]
[EventDate "2025.06.24"]

1. d4 Nf6 2. g3 g6 3. Bg2 Bg7 4. Nf3 O-O 5. O-O d6 6. a4 Nbd7 7. Re1 e5 8. e4
Re8 9. dxe5 Nxe5 10. Nxe5 Rxe5 11. Nc3 Bg4 12. f3 Bd7 13. Bf4 Re8 14. Qd2 Bc6
15. Rad1 Qc8 16. Bh6 a6 17. a5 Qe6 18. Re2 Bxh6 19. Qxh6 Qe5 20. Qd2 Qxa5 21.
Qd4 Qe5 22. Qe3 b6 23. Kh1 Qc5 24. Qf4 Qe5 25. Qd2 a5 26. Re3 a4 27. Ra1 Qc5 28.
Nd1 b5 29. Rc3 Qb6 30. Qg5 Kg7 31. h4 Re5 32. Qd2 b4 33. Re3 Ree8 34. Nf2 h5 35.
Nd3 Rab8 36. Nf4 Qc5 37. Kh2 Bd7 38. Rd3 Ra8 39. Rd4 Rab8 40. Rd3 Bb5 41. Re3
Ra8 42. Nd3 Bxd3 43. Rxd3 a3 44. bxa3 bxa3 45. Qc1 d5 46. exd5 Re2 47. c4 Qf2
48. Qf1 a2 49. Qxf2 Rxf2 50. c5 Rc2 51. c6 Rb2 52. Rdd1 Nxd5 53. Re1 Ne3 54.
Rxe3 Rb1 55. Re1 Rxe1 56. Rxe1 a1=Q 57. Rxa1 Rxa1 58. Bh3 Rc1 59. Bd7 Kf6 60. f4
Ke7 61. Kg2 Rd1 62. Bc8 Rd6 63. Bb7 Ke6 64. Kf3 Kd5 65. Bc8 Rxc6 66. Bb7 Kc5 67.
f5 Rf6 68. Ke4 Rxf5 69. Bc8 Rf6 70. Bd7 Kd6 71. Ba4 c5 72. Bb3 Rf2 73. Ba2 Rxa2 0-1